000 00449nam a2200193Ia 4500
005 20240823015105.0
008 240823s9999||||xx |||||||||||||| ||und||
020 _a81-203-2441-2
041 _aENGLISH
082 _A547 P5
100 _aBhupinder Mehta
245 0 _aOrganic Chemistry
250 _a1st
260 _c2005
_b"PHI,New "
_aNew Delhi
500 _aTRANSFERED
650 _aOrganic
_bChemistry
942 _cBK
999 _c171614
_d171614